Ordenanza general del ejército promulgada por decreto número 224 de 11 de diciembre de 1911

Detalles Bibliográficos
Autor Corporativo: Secretaría de Estado y del Despacho de Guerra y Marina (México)
Formato: Libro
Lenguaje:Spanish
Publicado: México : Secretaría de Guerra y Marina Talleres del E. M. general del ejército, 1916.
Colección:Banco de datos
Acervo:Universidad Autónoma Benito Juárez de Oaxaca. Biblioteca Francisco de Burgoa. Colección histórica
Descripción Física:319 p. ; 16.5 cm.
Notas:Portada tipográfica con el escudo nacional nacional y pleca. Texto a renglón seguido con paginación en números arábigos y signaturas. Encuadernación en cartón con lomo en keratol
LEADER 01029nam a22001810004500
035 |a 1477 
041 0 |a spa 
110 1 |a Secretaría de Estado y del Despacho de Guerra y Marina (México) 
245 1 0 |a Ordenanza general del ejército promulgada por decreto número 224 de 11 de diciembre de 1911 
260 |a México : Secretaría de Guerra y Marina Talleres del E. M. general del ejército, 1916. 
300 |a 319 p. ; 16.5 cm. 
500 |a Portada tipográfica con el escudo nacional nacional y pleca. Texto a renglón seguido con paginación en números arábigos y signaturas. Encuadernación en cartón con lomo en keratol 
504 |a Al final de la obra están el índice de los artículos y el índice de contenido 
852 |a Derecho civil 
852 |a Universidad Autónoma "Benito Juárez" de Oaxaca, Biblioteca Francisco de Burgoa, Colección histórica 11763 
942 |c BURHIS 
943 |g Universidad Autónoma Benito Juárez de Oaxaca. Biblioteca Francisco de Burgoa. Colección histórica 
999 |c 1119979  |d 1119979